| 000 | 00480nam a22001697a 4500 | ||
|---|---|---|---|
| 005 | 20230926112858.0 | ||
| 008 | 230913b |||||||| |||| 00| 0 eng d | ||
| 020 | _a9781845425920 | ||
| 082 |
_a303.483 _bSMA |
||
| 245 |
_aSmall Country Innovation Systems : _bGlobalization, Change and Policy in Asia and Europe |
||
| 260 |
_aIndia _bEdward Elgar Publisher _c2008 |
||
| 300 | _a544 | ||
| 500 | _aInclude Index | ||
| 650 | _aEconomics | ||
| 700 | _aCharles Edquist | ||
| 999 |
_c33547 _d33547 |
||